Introduction to digital signal processing (Record no. 67527)

000 -LEADER
fixed length control field 00513nam a22001817a 4500
003 - CONTROL NUMBER IDENTIFIER
control field NUST - PNEC
005 - DATE AND TIME OF LATEST TRANSACTION
control field 20170116181025.0
008 - FIXED-LENGTH DATA ELEMENTS--GENERAL INFORMATION
fixed length control field 150916b xxu||||| |||| 00| 0 eng d
020 ## - INTERNATIONAL STANDARD BOOK NUMBER
International Standard Book Number 9788120307605
020 ## - INTERNATIONAL STANDARD BOOK NUMBER
International Standard Book Number 0134806344
040 ## - CATALOGING SOURCE
Transcribing agency LIBRARY
082 ## - DEWEY DECIMAL CLASSIFICATION NUMBER
Classification number 621.38043 JOH
100 ## - MAIN ENTRY--PERSONAL NAME
9 (RLIN) 10786
Personal name Johnson, Johnny Ray
245 ## - TITLE STATEMENT
Title Introduction to digital signal processing
Statement of responsibility, etc. Johnny Ray Johnson
260 ## - PUBLICATION, DISTRIBUTION, ETC.
Date of publication, distribution, etc. c 1989
650 ## - SUBJECT ADDED ENTRY--TOPICAL TERM
9 (RLIN) 8719
Topical term or geographic name entry element Signal processing--Digital techniques
General subdivision MIS, EE
942 ## - ADDED ENTRY ELEMENTS (KOHA)
Source of classification or shelving scheme
Koha item type Book
Holdings
Withdrawn status Lost status Source of classification or shelving scheme Damaged status Not for loan Permanent Location Current Location Shelving location Date acquired Total Checkouts Full call number Barcode Date last seen Price effective from Koha item type
          Pakistan Navy Engineering College (PNEC) Pakistan Navy Engineering College (PNEC)       621.38043 JOH PNECLIB-029327 09/16/2015   Book
          Pakistan Navy Engineering College (PNEC) Pakistan Navy Engineering College (PNEC)       621.38043 JOH PNECLIB-025237 09/21/2015   Book
          Pakistan Navy Engineering College (PNEC) Pakistan Navy Engineering College (PNEC)       621.38043 JOH PNECLIB-013140 09/23/2015   Book
© 2023 Central Library, National University of Sciences and Technology. All Rights Reserved.